E-books and catalogue development dossiers reports magazine what is IDRC ?
Đã lưu trong:
| 企業作者: | |
|---|---|
| 格式: | 圖書 |
| 語言: | Undetermined |
| 出版: |
Canada
IDRC
2004
|
| 主題: | |
| 標簽: |
添加標簽
沒有標簽, 成為第一個標記此記錄!
|
| Thư viện lưu trữ: | Trung tâm Học liệu Trường Đại học Cần Thơ |
|---|
| LEADER | 00572nam a2200181Ia 4500 | ||
|---|---|---|---|
| 001 | CTU_62819 | ||
| 008 | 210402s9999 xx 000 0 und d | ||
| 082 | |a 330.9 | ||
| 082 | |b I.61 | ||
| 110 | |a International Development Research Centre | ||
| 245 | 0 | |a E-books and catalogue development dossiers reports magazine what is IDRC ? | |
| 245 | 0 | |c International Development Research Centre | |
| 260 | |a Canada | ||
| 260 | |b IDRC | ||
| 260 | |c 2004 | ||
| 650 | |a World development | ||
| 904 | |i Minh (Nguyênsửa) | ||
| 980 | |a Trung tâm Học liệu Trường Đại học Cần Thơ | ||